The solution / (Record no. 1206)

MARC details
000 -LEADER
fixed length control field 00889cam a22002773 4500
005 - DATE AND TIME OF LATEST TRANSACTION
control field 20230825144405.0
020 ## - INTERNATIONAL STANDARD BOOK NUMBER
International Standard Book Number 078073004997
040 ## - CATALOGING SOURCE
Original cataloging agency DLC
Transcribing agency DLC
Modifying agency DLC
Language of cataloging eng
050 00 - LIBRARY OF CONGRESS CALL NUMBER
Classification number PZ7.A6485
082 ## - DEWEY DECIMAL CLASSIFICATION NUMBER
Classification number Fic
100 1# - MAIN ENTRY--PERSONAL NAME
Personal name Applegate, Katherine.
245 14 - TITLE STATEMENT
Title The solution /
Remainder of title A mistake has been made.
260 ## - PUBLICATION, DISTRIBUTION, ETC.
Place of publication, distribution, etc. New York :
Name of publisher, distributor, etc. Scholastic,
Date of publication, distribution, etc. 1998.
300 ## - PHYSICAL DESCRIPTION
Extent 152 pages ;
Dimensions 20 cm
Other physical details Illustrations ;
490 1# - SERIES STATEMENT
Series statement Anamorphs ;
Volume/sequential designation Book 22
500 ## - GENERAL NOTE
General note "An Apple paperback."
505 ## - FORMATTED CONTENTS NOTE
Formatted contents note N <br/>
520 ## - SUMMARY, ETC.
Summary, etc. Rachel and the other Animorphs resolve to eliminate David, an enemy within their ranks who may cause their defeat by the Yeerks.
521 ## - TARGET AUDIENCE NOTE
Target audience note 550 <br/>
Source Lexile <br/>
521 ## - TARGET AUDIENCE NOTE
Target audience note N <br/>
Source Raz-Plus <br/>
655 #7 - INDEX TERM--GENRE/FORM
Genre/form data or focus term Science fiction.
Source of term gsafd
906 ## - LOCAL DATA ELEMENT F, LDF (RLIN)
a 7
b cbc
c orignew
d 2
e ncip
f 20
g y-genrareb
942 ## - ADDED ENTRY ELEMENTS (KOHA)
Source of classification or shelving scheme Dewey Decimal Classification
Koha item type Books
Suppress in OPAC No
999 ## -
-- 1206
-- 1206
Holdings
Withdrawn status Lost status Source of classification or shelving scheme Damaged status Not for loan Collection Home library Current library Shelving location Date acquired Total Checkouts Full call number Barcode Date last seen Date last checked out Price effective from Koha item type
    Dewey Decimal Classification     Juvenile Fiction Footprints International School Library Network Toul Kork Campus Footprints International School Library Network Toul Kork Campus   08/08/2023 3 APP Fic PZ7.A6485 FIS03201 03/05/2024 02/27/2024 08/08/2023 Books